00402nam a2200181Ia 4500003000900000008004100009040001300050040001300063041000800076100002200084245002000106250002500126260003100151260000900182300001100191300001200202490000600214IT-RoPAU120407s9999 xx 000 0 und d aIT-RoPAU cIT-RoPAU aita aGiovanni Paolo II aPoesie di luce. aCittà del Vaticano aLibreria Editrice Vaticana c1979 a109 p. c21,5 cm v1